<?xml version="1.0" encoding="UTF-8"?>
<record
    xmlns:xsi="http://www.w3.org/2001/XMLSchema-instance"
    xsi:schemaLocation="http://www.loc.gov/MARC21/slim http://www.loc.gov/standards/marcxml/schema/MARC21slim.xsd"
    xmlns="http://www.loc.gov/MARC21/slim">

  <leader>02585nam a2200325 a 4500</leader>
  <controlfield tag="001">ebr10524532</controlfield>
  <controlfield tag="003">CaPaEBR</controlfield>
  <controlfield tag="006">m        u        </controlfield>
  <controlfield tag="007">cr cn|||||||||</controlfield>
  <controlfield tag="008">111129s2011    njua    sb    001 0 eng d</controlfield>
  <datafield tag="010" ind1=" " ind2=" ">
    <subfield code="z">  2011275225</subfield>
  </datafield>
  <datafield tag="020" ind1=" " ind2=" ">
    <subfield code="z">9814317225</subfield>
  </datafield>
  <datafield tag="020" ind1=" " ind2=" ">
    <subfield code="z">9789814317221</subfield>
  </datafield>
  <datafield tag="020" ind1=" " ind2=" ">
    <subfield code="z">9789814317238 (e-book)</subfield>
  </datafield>
  <datafield tag="040" ind1=" " ind2=" ">
    <subfield code="a">CaPaEBR</subfield>
    <subfield code="c">CaPaEBR</subfield>
  </datafield>
  <datafield tag="035" ind1=" " ind2=" ">
    <subfield code="a">(OCoLC)773799253</subfield>
  </datafield>
  <datafield tag="050" ind1="1" ind2="4">
    <subfield code="a">QR395</subfield>
    <subfield code="b">.N42 2011eb</subfield>
  </datafield>
  <datafield tag="082" ind1="0" ind2="4">
    <subfield code="a">579.25</subfield>
    <subfield code="2">22</subfield>
  </datafield>
  <datafield tag="245" ind1="0" ind2="0">
    <subfield code="a">Negative strand RNA virus</subfield>
    <subfield code="h">[electronic resource] /</subfield>
    <subfield code="c">editor, Ming Luo.</subfield>
  </datafield>
  <datafield tag="260" ind1=" " ind2=" ">
    <subfield code="a">Hackensack, N.J. :</subfield>
    <subfield code="b">World Scientific,</subfield>
    <subfield code="c">c2011.</subfield>
  </datafield>
  <datafield tag="300" ind1=" " ind2=" ">
    <subfield code="a">viii, 314 p. :</subfield>
    <subfield code="b">ill.</subfield>
  </datafield>
  <datafield tag="504" ind1=" " ind2=" ">
    <subfield code="a">Includes bibliographical references and index.</subfield>
  </datafield>
  <datafield tag="505" ind1="0" ind2=" ">
    <subfield code="a">Overview of negative-strand RNA viruses / Biao He -- Rhabdovirus entry into the host cell / Aur&#xFFFD;elie Albertini and Yves Gaudin -- Virus entry: parainfluenza viruses / Masato Tsurudome -- What controls the distinct VSV RNA synthetic processes of replication and transcription? / Gail Williams Wertz, Summer E. Galloway and Djamila Harouaka -- mRNA capping by Vesicular stomatitis virus and other related viruses / Tomoaki Ogino and Amiya K. Banerjee -- Structural disorder within the measles virus nucleoprotein and phosphoprotein: functional implications for transcription and replication / Sonia Longhi -- Biochemical and structural insights into Vesicular stomatitis virus transcription / Amal A. Rahmeh and Sean P.J. Whelan -- Transcription of Vesicular stomatitis virus RNA genome / Debasis Panda and Asit K. Pattnaik -- Assembly of Vesicular stomatitis virus / Ming Luo, Todd J. Green and Z. Hong Zhou -- Paramyxovirus budding mechanisms / Megan S. Harrison, Takemasa Sakaguchi and Anthony P. Schmitt -- Virus-host interaction by members of the family Rhabdoviridae and Filoviridae / Douglas S. Lyles -- Paramyxovirus and rig-like helicases: a complex molecular interplay driving innate immunity / Denis Gerlier -- The molecular and cellular biology of emerging Bunyaviruses / John N. Barr -- Ebolaviruses: what we know and where we are on potential therapeutics / Peter Halfmann, Gabriele Neumann and Yoshihiro Kawaoka.</subfield>
  </datafield>
  <datafield tag="533" ind1=" " ind2=" ">
    <subfield code="a">Electronic reproduction.</subfield>
    <subfield code="b">Palo Alto, Calif. :</subfield>
    <subfield code="c">ebrary,</subfield>
    <subfield code="d">2012.</subfield>
    <subfield code="n">Available via World Wide Web.</subfield>
    <subfield code="n">Access may be limited to ebrary affiliated libraries.</subfield>
  </datafield>
  <datafield tag="650" ind1=" " ind2="0">
    <subfield code="a">RNA viruses.</subfield>
  </datafield>
  <datafield tag="655" ind1=" " ind2="7">
    <subfield code="a">Electronic books.</subfield>
    <subfield code="2">local</subfield>
  </datafield>
  <datafield tag="700" ind1="1" ind2=" ">
    <subfield code="a">Luo, Ming.</subfield>
  </datafield>
  <datafield tag="710" ind1="2" ind2=" ">
    <subfield code="a">ebrary, Inc.</subfield>
  </datafield>
  <datafield tag="856" ind1="4" ind2="0">
    <subfield code="u">http://site.ebrary.com/lib/rucke/Doc?id=10524532</subfield>
    <subfield code="z">An electronic book accessible through the World Wide Web; click to view</subfield>
  </datafield>
  <datafield tag="999" ind1=" " ind2=" ">
    <subfield code="c">143357</subfield>
    <subfield code="d">143357</subfield>
  </datafield>
</record>
